[Event "45th Olympiad 2024"]
[Site "Budapest HUN"]
[Date "2024.09.22"]
[Round "11.29"]
[Board "4"]
[White "Kojima, Shinya"]
[Black "Valderrama Quiceno, Esteban Alb"]
[Result "1-0"]
[WhiteElo "2299"]
[BlackElo "2418"]
[PlyCount "107"]
[EventDate "2024.09.11"]
[WhiteTeam "Japan"]
[BlackTeam "Colombia"]
[WhiteTeamCountry "JPN"]
[BlackTeamCountry "COL"]

1. d4 {Wagner,Dennis} Nf6 2. c4 e6 ({RR} 2... g6 3. Nc3 Bg7) 3. Nf3 d5 4. Nc3 Be7 5. Bf4 O-O 6. e3 c5 7. dxc5 Bxc5 8. a3 Nc6 9. Qc2 Qa5 ({RR} 9... Re8 10. Bg5 Be7 11. Rd1 Qa5 12. Bd3 h6 13. Bh4 dxc4 14. Bxc4 a6 15. O-O b5 16. Ba2 Bb7 17. Bb1 Rad8 18. Bxf6 Bxf6 19. Ne4 Be7 20. Nc5 Bxc5 21. Qxc5 b4) 10. Rd1 Be7 11. Be2 Ne4 ({RR} 11... dxc4 12. Bxc4 Nh5) 12. cxd5 Nxc3 13. Qxc3 ({RR} 13. bxc3 exd5 14. O-O Bf6 15. c4 Be6 16. Bg5 dxc4 17. Bxf6 gxf6 18. Bxc4 Qc5 19. Rc1 Qxc4 20. Qxc4 Bxc4 21. Rxc4) 13... Qxc3+ 14. bxc3 exd5 15. Rxd5 Bxa3 16. Nd4 Nxd4 ({RR} 16... a5 17. Rb5 ({RR} 17. Kd2 a4 18. Kc2 Be7 19. Bf3) 17... a4 18. Kd2 Be7 19. Ra1 Ra7 20. Bg5 f6 21. Bf4 Rd8 22. Bc7 Re8 23. Bb6 Ra8 24. Bc4+ Kf8 25. Ne6+ Bxe6 26. Bxe6 Bd6 27. Bd5) ({RR} 16... a6 17. Kd2 Nxd4 18. exd4 b5 19. Bf3 Bb7 20. Rd7 Bxf3 21. gxf3 Rfd8 22. Rxd8+ Rxd8 23. Kd3 Bd6 24. Bg3 f5 25. Bxd6 Rxd6 26. c4 bxc4+ 27. Kxc4 Kf7 28. Kc5 Ke6 29. Rg1 Rd5+ 30. Kc4 Rd7 31. Ra1 {½-½ Basso,P (2505)-Lu,M (2369) Kragero Resort Chess 2024 (6.11)}) 17. exd4 b6 18. Rb5 $146 ({RR} 18. Kd2 a6 19. Ra1 Be6 20. Re5 Bd6 21. Re4 Bxf4+ 22. Rxf4 b5 23. Bf3 Ra7 24. Bc6 Rb8 25. Re1 g5 26. Rfe4 Rc7 27. d5 Rd8 28. Kc1 Rdc8 29. Re5 h6 30. Rxe6 fxe6 31. Rxe6 Kg7 32. Kb2 Rf8 {½-½ Moiseenko,A (2682)-Akobian,V (2626) Montreal 10th 2009 (5)}) ({RR} 18. Kd2 Be6 19. Rb5 Bd7 20. Rb3 Be7 21. Bf3 Ba4 ({RR} 21... Rac8 22. Ra1) 22. Rb2 Rad8 23. Ra1 b5 24. Bc6 a6 25. Bb7 Bd6 26. Be3 a5 27. Bc6 Rb8 28. d5 Rfd8 ({RR} 28... Be5 29. f4 Bf6 30. Kd3) 29. Kd3 Bf8 30. Bd4 f6 31. Ke4 Bd6 32. c4 ({RR} 32. g3) 32... Bb4 {½-½ Carlsen,M (2853)-Nakamura,H (2814) Sinquefield Cup 3rd 2015 (8)}) ({RR} 18. Kd2 Be6 19. Rb5 Bd7 20. Rb3 Be7 21. Bf3 Rae8 22. Ra1 g5 23. Bg3 f5 24. Bd5+ Kh8 25. Rxa7 Rd8 26. Rxb6 f4 27. Rbb7 fxg3 28. fxg3 {1-0 Atalik,S (2584)-Lekic,D (2340) BIH-chT 6th Vogosca 2007 (2)}) ({RR} 18. Kd2 a6 19. Ra1 Be7 20. Bf3 Be6 21. Rh5 Ra7 22. Rb5 Bd8 23. Bc6 Re7 24. Rxa6 Bc4 25. Bd6 Re2+ 26. Kd1 Bxb5 27. Bxb5 Rxf2 28. Bxf8 Kxf8 29. Ra8 Ke7 30. Ra7+ Ke6 31. Bd7+ Kd6 32. Bh3 Bg5 {0-1 Atalik,E (2444)-Munguntuul,B (2434) RUS-chT (Women) 12th 2011 (1)}) 18... Re8 19. Kd2 Ba6 20. Re5 Bxe2 21. Rxe2 Rxe2+ 22. Kxe2 b5 23. Rb1 a6 24. Kd3 f6 25. c4 bxc4+ 26. Kxc4 Rc8+ 27. Kd3 a5 28. Bd2 Bb4 29. Bxb4 Rb8 30. Rb2 axb4 31. Kc4 Rc8+ 32. Kxb4 Kf7 33. Re2 Rd8 34. Kc5 Rc8+ 35. Kb6 Rd8 36. Kc5 Rc8+ 37. Kb4 Rd8 38. Kc4 Rc8+ 39. Kd3 Rd8 40. g4 g6 41. f4 f5 42. gxf5 gxf5 43. Re5 Kf6 44. d5 Rd6 45. Kc4 Rd8 46. Kd4 Ra8 47. d6 Ra2 48. h4 Ra4+ 49. Kd5 Ra5+ 50. Kc6 Ra6+ 51. Kc7 Ra7+ 52. Kb6 Ra4 53. d7 Rd4 54. Kc6 1-0

[Event "45th Olympiad 2024"]
[Site "Budapest HUN"]
[Date "2024.09.22"]
[Round "11.30"]
[Board "1"]
[White "Amin, Bassem"]
[Black "Zhakshylykov, Erzhan"]
[Result "1-0"]
[WhiteElo "2636"]
[BlackElo "2327"]
[PlyCount "103"]
[EventDate "2024.09.11"]
[WhiteTeam "Egypt"]
[BlackTeam "Kyrgyzstan"]
[WhiteTeamCountry "EGY"]
[BlackTeamCountry "KGZ"]

1. e4 e5 2. Nf3 Nc6 3. Bb5 a6 4. Ba4 Nf6 5. O-O Be7 6. Re1 b5 7. Bb3 d6 8. c3 O-O 9. h3 Nb8 10. d4 Nbd7 11. Nbd2 Bb7 12. Bc2 Re8 13. Nf1 Bf8 14. Ng3 g6 15. b3 Nb6 ({RR} 15... d5 16. Bg5 Bg7 17. dxe5 Nxe5 18. Nxe5 Rxe5 19. f4 Rxg5 20. fxg5 Ne8 21. Qf3 d4 22. Rad1 c5 23. Ne2 Qxg5 24. cxd4 cxd4 25. Nxd4 Be5 26. Qd3 Bg3 27. Rf1 Ng7 28. b4 Rf8 29. Bb3 Bc8 30. Rxf7 {1-0 Leko,P (2753)-Mamedyarov,S (2760) Amber-blindfold 17th rapid 2008 (5)}) ({RR} 15... d5 16. Bg5 h6 17. Bh4 g5 18. Nxg5 hxg5 19. Bxg5 exd4 20. e5 Rxe5 21. Rxe5 Nxe5 22. cxd4 Nc6 23. Nh5 Be7 24. Bxf6 Bxf6 25. Qd3 Bxd4 26. Qh7+ Kf8 27. Qh6+ Ke8 28. Re1+ Ne7 29. Bf5 Bc8 30. Qc6+ {½-½ Chumfwa,S (2329)-Amin,B (2535) Africa-ch Windhoek 2007 (2)}) 16. Rb1 Bg7 $146 ({RR} 16... a5 17. Bd3 b4 18. Bd2 Nfd7 19. Qc2 exd4 20. cxd4 c5 21. Bb5 cxd4 22. Bg5 Qc8 23. Qd2 Bc6 24. Bxc6 Qxc6 25. Rbc1 Nc5 26. Nxd4 Qb7 27. f3 Ne6 28. Nxe6 Rxe6 29. Ne2 Ree8 30. Kh1 d5 31. Qf4 {0-1 Alexakis,D (2458)-Trepat Herranz,J (2385) 13th ch-Mediterranean 2023 (3.3)}) 17. d5 c6 18. c4 Qc7 19. Bd3 Nfd7 20. Be3 Nc5 21. Bf1 bxc4 22. bxc4 a5 23. Bxc5 dxc5 24. d6 Qd8 25. d7 Re7 26. Qd6 Bf8 27. Red1 Ra6 28. Qf6 Ra8 29. Nxe5 Bg7 30. Nxc6 Bxc6 31. Qxc6 Rxd7 32. Rxd7 Nxd7 33. Rb7 Ne5 34. Qxc5 Qd2 35. Qd5 Rd8 36. Qxd2 Rxd2 37. a4 Ra2 38. c5 Rxa4 39. Bb5 Ra1+ 40. Kh2 Rc1 41. f4 Nc4 42. Be8 Nd2 43. Bxf7+ Kf8 44. Ne2 Nf1+ 45. Kg1 Ng3+ 46. Kf2 Nxe4+ 47. Ke3 Nxc5 48. Rb8+ Kxf7 49. Nxc1 a4 50. Rb5 Bf8 51. Ra5 Ke6 52. Ne2 1-0

[Event "45th Olympiad 2024"]
[Site "Budapest HUN"]
[Date "2024.09.22"]
[Round "11.30"]
[Board "2"]
[White "Khoroshev, Nikita"]
[Black "Fawzy, Adham"]
[Result "1/2-1/2"]
[WhiteElo "2355"]
[BlackElo "2507"]
[PlyCount "129"]
[EventDate "2024.09.11"]
[WhiteTeam "Kyrgyzstan"]
[BlackTeam "Egypt"]
[WhiteTeamCountry "KGZ"]
[BlackTeamCountry "EGY"]

1. d4 Nf6 2. c4 e6 3. Nf3 Bb4+ 4. Bd2 Qe7 5. g3 Bxd2+ 6. Qxd2 Nc6 7. Nc3 d5 8. cxd5 exd5 9. Bg2 O-O 10. O-O Bf5 ({RR} 10... Re8 11. Rac1 Bf5 12. e3 Rad8 13. Qd1 a6 14. a3 Na7 15. b4 c6 16. Qb3 Nb5 17. a4 Nxc3 18. Rxc3 Ne4 19. Rcc1 Nd6 20. Nd2 Qd7 21. Rfe1 Bh3 22. Bh1 h5 23. Nf3 f6 24. Bg2 g5 25. Nd2 {1-0 Bologan,V (2661)-Vitiugov,N (2742) Wch Rapid Dubai 2014 (2)}) 11. Nh4 Be6 12. Rac1 Rad8 13. Nf3 $146 ({RR} 13. e3 g5 14. Nf3 Ne4 15. Qe2 Bg4 16. Qb5 Bxf3 17. Bxf3 Nd2 18. Bxd5 Nxf1 19. Kxf1 Rd6 20. Be4 Rh6 21. Qf5 Re8 22. Bb1 f6 23. Kg1 Qf7 24. Qd5 Nd8 25. b4 Ne6 26. Qf3 Kh8 27. a4 Ng7 {1-0 Javakhishvili,L (2438)-Batsiashvili,N (2447) 81st ch-GEO w 2024 (2.3)}) ({RR} 13. Rfd1 a6 14. Na4 Na7 15. Qc2 Nb5 16. Nf3 Bg4 17. Nc5 c6 18. h3 Bh5 19. a4 Bg6 20. Qb3 Nd6 21. Ne5 Rc8 22. e3 Be4 23. f3 Bf5 24. g4 Be6 25. Re1 h5 26. Qb4 hxg4 27. hxg4 Rfe8 {1-0 Camarena Gimenez,R (2329)-Villar Reymundo,J (2198) Alcoy Tabiya 8th 2019 (6)}) 13... Ne4 14. Qf4 f5 15. Qe3 h6 16. Nd2 Qb4 17. Nb3 Rfe8 18. Rfd1 a5 19. Bxe4 Bf7 20. Nxd5 Qf8 21. Nc3 Nb4 22. Nc5 b6 23. Qf3 fxe4 24. N5xe4 Qe7 25. a3 Bb3 26. Rd2 Nd5 27. Qd3 Qf7 28. f3 a4 29. Nxd5 Rxd5 30. Nc3 Rg5 31. e4 Rf8 32. Rf2 Qg6 33. Ne2 c6 34. Qe3 Qd6 35. Qc3 Rg6 36. Qb4 Qd8 37. Qd2 h5 38. Qe3 Qd7 39. Nf4 Rd6 40. Rd2 Rdf6 41. h4 Qe7 42. Re1 b5 43. d5 Qc7 44. Kg2 cxd5 45. exd5 Qf7 46. d6 Rd8 47. Qb6 Rf8 48. Qd4 Rd8 49. Qc5 Bc4 50. Rd4 Qf8 51. Qxh5 Rh6 52. Qe5 Rhxd6 53. Red1 Rxd4 54. Rxd4 Re8 55. Qg5 Re7 56. h5 Qe8 57. Rd2 Rd7 58. Rxd7 Qxd7 59. h6 Qd2+ 60. Kh3 Qxb2 61. h7+ Kxh7 62. Qh5+ Kg8 63. Qe8+ Kh7 64. Qh5+ Kg8 65. Qe8+ 1/2-1/2

[Event "45th Olympiad 2024"]
[Site "Budapest HUN"]
[Date "2024.09.22"]
[Round "11.30"]
[Board "3"]
[White "Wafa, Hamed"]
[Black "Abdyzhapar, Asylbek"]
[Result "1-0"]
[WhiteElo "2368"]
[BlackElo "2357"]
[PlyCount "117"]
[EventDate "2024.09.11"]
[WhiteTeam "Egypt"]
[BlackTeam "Kyrgyzstan"]
[WhiteTeamCountry "EGY"]
[BlackTeamCountry "KGZ"]

1. e4 c6 2. d4 d5 3. e5 Bf5 4. h4 h5 5. Bd3 Bxd3 6. Qxd3 Qa5+ 7. Nd2 e6 8. Ngf3 Nh6 9. O-O Nf5 10. Nb3 Qa6 11. Qc3 Nd7 12. Bg5 Rc8 13. Qd2 c5 14. c3 c4 ({RR} 14... Be7 15. Bxe7 Nxe7 16. dxc5 Nxc5 17. Nbd4 Ne4 18. Qe3 Qb6 19. Rab1 Nc6 20. Rfe1 O-O 21. Qf4 f6 22. exf6 e5 23. Qf5 Rce8 24. Rxe4 Nxd4 25. Rxd4 Rxf6 26. Qxh5 g6 27. Rg4 e4 28. Qxd5+ {1-0 Esipenko,A (2671)-Mitrabha,G (2545) CrunchLabs Masters PlayIn 2024 (9)}) 15. Nc1 f6 16. Bf4 fxe5 $146 ({RR} 16... Be7 17. Ne2 fxe5 18. Bxe5 Nxh4 19. Nxh4 Nxe5 20. dxe5 Bxh4 21. Qc2 Rh6 22. Nd4 Qb6 23. f4 g6 24. Kh1 Be7 25. Qd2 Rh7 26. b4 cxb3 27. axb3 Bc5 28. Nf3 Be7 29. Nd4 Bc5 30. Nf3 Be7 31. Qd3 {½-½ Zhapova,Y (2110)-Charochkina,D (2312) Satka Autumn Women 2023 (8.1)}) 17. Bxe5 Be7 18. g3 O-O 19. Ne2 Nd6 20. Nf4 Ne4 21. Qe2 Rf5 22. Rae1 Nxe5 23. Nxe5 Bxh4 24. Nxh5 Bf6 25. Ng6 Kf7 26. Ngf4 Qd6 27. Kg2 Rh8 28. Rh1 Rh6 29. Qg4 Rg5 30. Qf3 Rf5 31. Rxe4 dxe4 32. Qxe4 Rb5 33. Nxg7 Bxg7 34. Rxh6 Bxh6 35. Qg6+ Ke7 36. Qxh6 Rxb2 37. Qg7+ Kd8 38. Qf7 Rb6 39. g4 Qe7 40. Qg8+ Qe8 41. Qg5+ Kc8 42. Qe5 Qc6+ 43. Kg3 Rb5 44. Qf6 Qd6 45. f3 a6 46. Kh3 Qc6 47. Nxe6 Kb8 48. g5 Ka7 49. Nc5 Qc8+ 50. Kg3 Qe8 51. Ne4 Rb6 52. Qe5 Qa4 53. Qc5 Qd1 54. a4 Qxa4 55. Nd6 Qd1 56. Nc8+ Kb8 57. Nxb6 Qe1+ 58. Kg4 Qxc3 59. Nd7+ 1-0

[Event "45th Olympiad 2024"]
[Site "Budapest HUN"]
[Date "2024.09.22"]
[Round "11.30"]
[Board "4"]
[White "Sezdbekov, Ruslan"]
[Black "Sadek, Sameh"]
[Result "1-0"]
[WhiteElo "2251"]
[BlackElo "2269"]
[PlyCount "87"]
[EventDate "2024.09.11"]
[WhiteTeam "Kyrgyzstan"]
[BlackTeam "Egypt"]
[WhiteTeamCountry "KGZ"]
[BlackTeamCountry "EGY"]

1. d4 Nf6 2. Nf3 e6 3. Bf4 Bd6 4. Bg3 b6 5. e3 Bxg3 6. hxg3 Bb7 7. Bd3 d6 8. Nbd2 c5 $146 ({RR} 8... Qe7 9. Qe2 e5 10. e4 Nbd7 11. O-O-O a6 12. Kb1 g6 13. c3 h5 14. Ng5 b5 15. Nb3 c5 16. Na5 Rb8 17. f4 O-O 18. d5 c4 19. Bc2 Rfc8 20. f5 Qd8 21. fxg6 fxg6 22. Ne6 Qxa5 23. Qd2 {½-½ Sedlak,N (2600)-Markovic,M (2446) SRB-ch 12th Novi Sad 2018 (9)}) ({RR} 8... Nbd7 9. Qe2 h6 10. c3 Qe7 11. Ba6 Bxa6 12. Qxa6 c5 13. a4 O-O 14. a5 bxa5 15. Rxa5 cxd4 16. exd4 Rfb8 17. Ra2 e5 18. O-O e4 19. Re1 d5 20. Nh4 Rb6 21. Qa5 Qe6 22. Nf1 g5 23. Nf3 {0-1 Tabatabaei,M (2683)-Bacrot,E (2672) Titled Tue 20th Jun Early 2023 (8)}) ({RR} 8... Nbd7 9. c3 e5 10. e4 Qe7 11. Qe2 a6 12. Bc2 g6 13. O-O-O b5 14. Ng5 c5 15. f4 exd4 16. cxd4 c4 17. e5 dxe5 18. fxe5 O-O-O 19. Nxc4 bxc4 20. Qxc4+ Kb8 21. Qxf7 Nd5 22. Qxe7 Nxe7 23. Nf7 {1-0 Ben Ghanem,H (2112)-Sadek,S (2233) Monastir zt 4.1 2022 (4)}) ({RR} 8... Nbd7 9. Qe2 Qe7 10. a4 a6 11. e4 e5 12. c3 c6 13. Nh4 g6 14. O-O O-O 15. f4 b5 16. f5 exd4 17. cxd4 c5 18. axb5 axb5 19. Rxa8 Rxa8 20. Bxb5 cxd4 21. fxg6 hxg6 22. Nhf3 Nc5 23. Nxd4 {1-0 Janaszak,D (2356)-Stojanovski,S (2232) Titled Tuesday intern op 26th May blitz 2020 (4)}) ({RR} 8... Nbd7 9. e4 e5 10. c3 Qe7 11. O-O g6 12. Re1 O-O 13. Qc2 Rfe8 14. Rad1 Qf8 15. Qa4 a6 16. Re2 c5 17. dxe5 Nxe5 18. Bb1 b5 19. Qa5 Nc6 20. Qc7 Rec8 21. Qxb7 Ra7 22. Qb6 Nd7 23. Qxa7 {0-1 Azadbakhsh,F (2182)-Valsecchi,A (2445) Abrisham op Sowme'eh Sara 2015 (2)}) 9. c3 Nbd7 10. Qc2 e5 11. dxe5 dxe5 12. O-O-O Qe7 13. Be4 O-O-O 14. Bxb7+ Kxb7 15. Nc4 Kb8 16. e4 Ng4 17. Rd5 Qe6 18. Rhd1 Ngf6 19. Ng5 Qe7 20. R5d2 Ng4 21. Nf3 Ndf6 22. Rxd8+ Rxd8 23. Rxd8+ Qxd8 24. Nfxe5 Nxe5 25. Nxe5 Qe8 26. f4 Kc7 27. Qd3 Qe6 28. b3 Kb7 29. Kd2 Kc7 30. Ke3 h5 31. Qc4 Ng4+ 32. Nxg4 hxg4 33. Qa6 Kb8 34. Qd3 f5 35. Qd8+ Kb7 36. e5 Ka6 37. Qc7 g6 38. c4 Qe8 39. Kf2 Qe6 40. a3 Qe8 41. b4 cxb4 42. axb4 Qe6 43. Ke3 Qe8 44. Kd4 1-0

[Event "45th Olympiad 2024"]
[Site "Budapest HUN"]
[Date "2024.09.22"]
[Round "11.31"]
[Board "1"]
[White "Cheng, Bobby"]
[Black "Saraci, Nderim"]
[Result "1-0"]
[WhiteElo "2588"]
[BlackElo "2446"]
[PlyCount "109"]
[EventDate "2024.09.11"]
[WhiteTeam "Australia"]
[BlackTeam "Kosovo"]
[WhiteTeamCountry "AUS"]
[BlackTeamCountry "KOS"]

1. d4 Nf6 2. c4 e6 3. Nf3 d5 4. g3 Be7 5. Bg2 O-O 6. Nc3 dxc4 7. Ne5 Nc6 8. Bxc6 bxc6 9. Nxc6 Qe8 10. Nxe7+ Qxe7 11. Qa4 c5 12. dxc5 Qxc5 13. Be3 Qc7 14. f3 Rd8 ({RR} 14... Bb7 15. Kf2 Nd5 16. Nxd5 Bxd5 17. Rhd1 f5 18. Rd4 Qb7 19. Qa3 a6 20. Rad1 h6 21. Bf4 a5 22. Be5 Kh7 23. Qe3 Rf7 24. Rh4 Kg8 25. Bc3 a4 26. a3 Qa7 27. Rdd4 Re8 28. Qe5 Qb8 29. Qe3 {1-0 Aronian,L (2797)-Radjabov,T (2734) Beijing Sportaccord blitz 2014 (24)}) 15. Qa3 ({RR} 15. Kf2 Bd7 16. Qa3 Bc6 17. Rad1 Qe5 18. Qc5 Qxc5 19. Bxc5 a6 20. e4 Nd7 21. Bd6 Nb6 22. Bc7 Rxd1 23. Rxd1 Na4 24. Rd6 Nxc3 25. bxc3 Bb5 26. g4 Kf8 27. Rb6 Ke7 28. Bb8 Kd8 29. g5 f6 {1-0 Kobo,O (2541)-Sherman,R (2295) ch-ISR Open 2024 (9.7)}) 15... Nd5 $146 ({RR} 15... Bb7 16. Qc5 Qxc5 17. Bxc5 Nd5 18. Nxd5 Rxd5 19. Bb4 a5 20. Bc3 a4 21. a3 f6 22. Kf2 Kf7 23. Rad1 Rad8 24. Rxd5 Rxd5 25. g4 Bc6 26. Rg1 h5 27. h3 hxg4 28. hxg4 g5 29. Rh1 Kg7 30. Rc1 {½-½ Moiseenko,A (2602)-Davtyan,A (2460) EU-ch 22nd Terme Catez 2022 (2)}) 16. Nxd5 Rxd5 17. Kf2 Bb7 18. Qc3 Qa5 19. Rhd1 Qxc3 20. bxc3 Rxd1 21. Rxd1 Bd5 22. Bc5 a6 23. Rb1 e5 24. Rb6 f6 25. e4 Bf7 26. Bd6 a5 27. f4 Bg6 28. Ke3 exf4+ 29. gxf4 a4 30. a3 Re8 31. e5 Bd3 32. Kd4 Kf7 33. Rb7+ Kg6 34. Ra7 h5 35. Kd5 Bf1 36. h4 Bg2+ 37. Kxc4 Rc8+ 38. Kd4 Bf1 39. Rxa4 Kf5 40. Rb4 g5 41. exf6 Rd8 42. Kc5 Rc8+ 43. Kd4 Rd8 44. fxg5 Rxd6+ 45. Kc5 Rd8 46. a4 Rc8+ 47. Kb6 Bg2 48. c4 Ke6 49. a5 Rd8 50. a6 Rd4 51. Rb2 Bh1 52. Re2+ Kf7 53. Re7+ Kf8 54. Rc7 Rd6+ 55. Kb5 1-0

[Event "45th Olympiad 2024"]
[Site "Budapest HUN"]
[Date "2024.09.22"]
[Round "11.31"]
[Board "2"]
[White "Ondozi, Murtez"]
[Black "Sardana, Rishi"]
[Result "1/2-1/2"]
[WhiteElo "2371"]
[BlackElo "2477"]
[PlyCount "167"]
[EventDate "2024.09.11"]
[WhiteTeam "Kosovo"]
[BlackTeam "Australia"]
[WhiteTeamCountry "KOS"]
[BlackTeamCountry "AUS"]

1. d4 Nf6 2. c4 e6 3. Nf3 d5 4. Nc3 Bb4 5. Qb3 c5 6. dxc5 Na6 7. e3 Qa5 8. Bd2 Nxc5 9. Qc2 Nce4 10. Nxe4 dxe4 $146 ({RR} 10... Nxe4 11. cxd5 Nxd2 12. Nxd2 O-O 13. a3 exd5 14. Rc1 Bd6 15. Bd3 d4 16. Bxh7+ Kh8 17. Be4 dxe3 18. fxe3 Bg4 19. O-O Rac8 20. Nc4 Qh5 21. h3 Be6 22. Qd1 Qxd1 23. Rfxd1 Bc5 24. b4 Bxb4 25. axb4 {1-0 Ernst,S (2555)-Lauber,A (2441) Bundesliga 1415 2014 (9.3)}) 11. Bxb4 Qxb4+ 12. Nd2 O-O 13. a3 Qa5 14. c5 Qc7 15. Nxe4 Nxe4 16. Qxe4 Qxc5 17. Bd3 f5 18. Qc4 Qe5 19. Qb5 Qc7 20. O-O Bd7 21. Qb3 Rac8 22. Rfd1 Kh8 23. Bb5 Bxb5 24. Qxb5 Rfd8 25. h3 h6 26. Qb3 Rxd1+ 27. Rxd1 Qc2 28. Rd8+ Kh7 29. Qxc2 Rxc2 30. b4 Rc3 31. Rd7 Rxa3 32. Rxb7 Kg6 33. b5 Kf6 34. h4 Ra4 35. g3 a5 36. bxa6 Rxa6 37. Kg2 g5 38. hxg5+ hxg5 39. Rb4 g4 40. e4 Ke5 41. exf5 exf5 42. Rb8 Ra1 43. Re8+ Kf6 44. Re2 Ra3 45. Rb2 Rc3 46. Kf1 Ra3 47. Ke2 Ke5 48. Rb8 Ra2+ 49. Kf1 Ra1+ 50. Kg2 Ra2 51. Re8+ Kf6 52. Kf1 Rb2 53. Rd8 Ke5 54. Rf8 Ra2 55. Kg2 Rb2 56. Ra8 Rc2 57. Ra5+ Kf6 58. Rd5 Ke6 59. Rb5 Kf6 60. Kf1 Ke6 61. Ke1 Kf6 62. Rd5 Ra2 63. Rd2 Ra3 64. Ke2 Ke5 65. Rb2 Rc3 66. Rb5+ Ke6 67. Rb8 Ra3 68. Rd8 Rb3 69. Kd2 Ra3 70. Rc8 Ra2+ 71. Ke3 Ra3+ 72. Kd4 Rf3 73. Rc6+ Ke7 74. Rc2 Kf6 75. Rc6+ Kg5 76. Rc2 Kf6 77. Rc6+ Kg5 78. Rc2 Kh5 79. Ra2 Kg5 80. Rc2 Ra3 81. Rb2 Rf3 82. Rc2 Kf6 83. Rc6+ Kg5 84. Rc2 1/2-1/2

[Event "45th Olympiad 2024"]
[Site "Budapest HUN"]
[Date "2024.09.22"]
[Round "11.31"]
[Board "3"]
[White "Zhao, Zong-Yuan"]
[Black "Uruci, Endrit"]
[Result "1-0"]
[WhiteElo "2478"]
[BlackElo "2348"]
[PlyCount "73"]
[EventDate "2024.09.11"]
[WhiteTeam "Australia"]
[BlackTeam "Kosovo"]
[WhiteTeamCountry "AUS"]
[BlackTeamCountry "KOS"]

1. e4 c5 2. Nf3 Nc6 3. d4 cxd4 4. Nxd4 e5 5. Nb5 a6 6. Nd6+ Bxd6 7. Qxd6 Qe7 8. Qd2 Nf6 9. Nc3 d6 10. b3 b5 ({RR} 10... Be6 11. Ba3 Rd8 12. O-O-O Nd4 13. f4 Qc7 14. f5 Bxb3 15. axb3 Nxe4 16. Qxd4 exd4 17. Nxe4 O-O 18. Bd3 Rfe8 19. Rhe1 Qa5 20. Kb2 d5 21. b4 Qc7 22. Nc5 Rxe1 23. Rxe1 b6 24. Na4 Qxh2 25. Nxb6 {0-1 Dumanuly,S (2072)-Postny,E (2577) Titled Tue 30th Jul Early 2024 (6)}) 11. Bb2 O-O 12. O-O-O Rd8 13. Kb1 $146 ({RR} 13. Nd5 Nxd5 14. exd5 Nb8 15. f4 f6 16. Kb1 Nd7 17. g4 exf4 18. Qxf4 Ne5 19. Rg1 Re8 20. Rg3 Bd7 21. Qd4 a5 22. h4 b4 23. g5 f5 24. h5 Rf8 25. Qf4 Rac8 26. Re1 Rfe8 27. Rge3 Qf7 {1-0 Svana,P (2255)-Skreno,V (2083) Trnava Reti Memorial IM 2022 (5)}) 13... Bb7 14. Nd5 Nxd5 15. exd5 Nb8 16. f4 Nd7 17. Bd3 e4 18. Rhe1 f5 19. g4 Qh4 20. Be2 fxg4 21. Bxg4 Nf6 22. Be6+ Kh8 23. Qd4 Bc8 24. Rxe4 Rf8 25. Re2 a5 26. a3 Rb8 27. Rg1 b4 28. a4 Rb7 29. Rg3 Re7 30. Ka2 Bd7 31. Reg2 Qh5 32. Rxg7 Rxg7 33. Qxf6 Rxf6 34. Bxf6 Bxe6 35. Rxg7 Qf5 36. Bb2 h5 37. dxe6 1-0

[Event "45th Olympiad 2024"]
[Site "Budapest HUN"]
[Date "2024.09.22"]
[Round "11.31"]
[Board "4"]
[White "Asllani, Muhamet"]
[Black "Smerdon, David C"]
[Result "0-1"]
[WhiteElo "2191"]
[BlackElo "2475"]
[PlyCount "77"]
[EventDate "2024.09.11"]
[WhiteTeam "Kosovo"]
[BlackTeam "Australia"]
[WhiteTeamCountry "KOS"]
[BlackTeamCountry "AUS"]

1. d4 Nf6 2. Nf3 g6 3. c4 Bg7 4. Nc3 O-O 5. e4 d6 6. Be2 Nbd7 7. h3 e5 8. dxe5 dxe5 ({RR} 8... Nxe5 9. Nxe5 dxe5 10. Be3 Qe7 11. O-O c6 12. Qc2 Be6 13. Rfd1 Nd7 14. Rab1 f5 15. f3 f4 16. Bf2 g5 17. b4 h5 18. c5 g4 19. fxg4 hxg4 20. Bxg4 Bxg4 21. hxg4 f3 22. Qd3 Rf7 23. gxf3 {1-0 Mardell,J (2172)-Mensing,A (1980) Reykjavik Open 2024 (3.101)}) 9. Be3 Qe7 ({RR} 9... c6 10. Nh2 Qe7 11. Qc2 Nc5 12. Ng4 h5 13. Nxf6+ Bxf6 14. O-O-O Ne6 15. Bd3 Rd8 16. Kb1 Bd7 17. g3 h4 18. Ne2 Nc5 19. Qc1 Nxd3 20. Rxd3 Be6 21. Rxd8+ Rxd8 22. c5 Qd7 23. Nc3 Qd3+ 24. Ka1 {0-1 Kordsachia,T (2375)-Hort,V (2595) Favorite-Hammonia Heinicke 75 Years 1980 (9)}) 10. O-O c6 11. a3 $146 ({RR} 11. Nd2 Ne8 12. Qc2 f5 13. f3 f4 14. Bf2 g5 15. Rfd1 h5 16. Nf1 Ndf6 17. Nh2 Kh8 18. Rd3 Rg8 19. Rad1 Be6 20. b3 Bh6 21. Kf1 Qg7 22. Bc5 g4 23. fxg4 hxg4 24. Nxg4 Bxg4 25. hxg4 Nxg4 {½-½ Thomsen,T-Ferreira,N (2385) Olympiad-29 Novi Sad 1990 (9)}) 11... Nc5 12. Qc2 Nh5 13. Bxc5 Qxc5 14. b4 Qe7 15. c5 Nf4 16. Rfd1 Ne6 17. Na4 Nd4 18. Nxd4 exd4 19. Nb2 Qg5 20. Bf1 f5 21. Rxd4 Bxd4 22. Qc4+ Rf7 23. Qxd4 Be6 24. Bc4 Rd8 25. Qc3 Bxc4 26. Nxc4 fxe4 27. Nd6 Qf6 28. Qe1 Re7 29. Rd1 Qg5 30. Rd4 e3 31. Ne4 Rxd4 32. Nxg5 e2 33. f3 Rd1 34. Kf2 Rxe1 35. Kxe1 Re3 36. Ne4 Rxa3 37. Nd6 Rb3 38. Nxb7 Rxb4 39. Na5 0-1

[Event "45th Olympiad 2024"]
[Site "Budapest HUN"]
[Date "2024.09.22"]
[Round "11.32"]
[Board "1"]
[White "Tin, Jingyao"]
[Black "Duran Vega, Sergio"]
[Result "1-0"]
[WhiteElo "2580"]
[BlackElo "2308"]
[PlyCount "83"]
[EventDate "2024.09.11"]
[WhiteTeam "Singapore"]
[BlackTeam "Costa Rica"]
[WhiteTeamCountry "SIN"]
[BlackTeamCountry "CRI"]

1. d4 d5 2. c4 c6 3. Nf3 Nf6 4. Nc3 e6 5. Bg5 h6 6. Bh4 Nbd7 7. e3 Be7 8. Qc2 O-O 9. a3 b6 10. cxd5 cxd5 11. Bd3 Bb7 12. O-O Rc8 13. Qa4 ({RR} 13. Rfc1 Ne4 14. Bxe7 Qxe7 15. Qb3 Nxc3 16. Rxc3 Rxc3 17. Qxc3 Rc8 18. Qd2 Qd8 19. Rc1 Rxc1+ 20. Qxc1 Qc8 21. Qxc8+ Bxc8 22. Ne5 Nb8 23. h4 f6 24. Ng6 Kf7 25. h5 Ba6 26. Bxa6 Nxa6 27. Kf1 Nb8 {½-½ Vidit,S (2716)-Carlsen,M (2839) chess.com SpeedChess 2023 (1.13)}) 13... a6 14. Rfc1 b5 15. Qb3 $146 ({RR} 15. Qd1 Nb6 16. Qe2 Nc4 17. a4 b4 18. Nb1 a5 19. Bxc4 dxc4 20. Rxc4 Ba6 21. Rxc8 Qxc8 22. Qd1 Qc6 23. Nbd2 Rc8 24. Nb3 Qc2 25. Qxc2 Rxc2 26. Nxa5 Rxb2 27. Nc6 Bf8 28. Bxf6 gxf6 29. Nb8 Bd3 {1-0 Anton Guijarro,D (2669)-Skatchkov,V (2211) Titled Tue 21st May Early 2024 (11)}) ({RR} 15. Qd1 Ne8 16. Bg3 Nd6 17. b3 f5 18. a4 b4 19. Ne2 Ne4 20. Nf4 Kf7 21. Ne1 Ndf6 22. Nf3 Bd6 23. Rxc8 Bxc8 24. Rc1 Nc3 25. Qe1 Nfe4 26. Ne2 Bxg3 27. hxg3 Kg8 28. Bxe4 fxe4 29. Ne5 Nxe2+ {1-0 Seo,J (2469)-Iskusnyh,S (2440) Titled Tue 30th Jul Early 2024 (9)}) 15... Ne4 16. Bxe7 Qxe7 17. Qb4 Qxb4 18. axb4 Nxc3 19. bxc3 Rc7 20. Kf1 Rfc8 21. Ra3 Nb6 22. Ke1 Kf8 23. Ng1 Ke7 24. Ne2 g5 25. Kd2 f6 26. h4 e5 27. Ng3 gxh4 28. Nf5+ Ke6 29. Nxh4 Rg8 30. Rca1 Rc6 31. Rh1 Rc7 32. Raa1 Na4 33. Rac1 Nb2 34. g3 Nc4+ 35. Ke2 Nb2 36. Bb1 Na4 37. Kd2 Rg5 38. Nf3 Rg8 39. dxe5 Rgc8 40. Rxh6 Nxc3 41. Rxf6+ Ke7 42. Nd4 1-0